| 000 | 00576 a2200217 4500 | ||
|---|---|---|---|
| 999 |
_c176023 _d176023 |
||
| 003 | dpl | ||
| 005 | 20201019152720.0 | ||
| 008 | 200930b ||||| |||| 00| 0 eng d | ||
| 010 | _aENG-128581 | ||
| 020 |
_a9789350451168 _c200.00 |
||
| 035 | _aEN-112113 | ||
| 037 | _bD.B.Act / Pub | ||
| 040 | _cNone | ||
| 082 | 1 | 4 | _aN |
| 100 | _4Ghosh, Jaideep | ||
| 245 | 1 |
_aIsha/ _cby Jaideep Ghosh |
|
| 260 |
_aKolkata _bWritersworkshopindia _c2015 |
||
| 270 |
_a162/92 Lake Gardens _bCalcutta _cWest Bengal _e110045 |
||
| 300 |
_a90p. _c22 cm.(hbk) |
||
| 942 |
_adpl _cEN _kN _2ddc _mGHO |
||